Normal view
MARC view
- Bronwell, Arthur B
Entry Personal Name
001 - CONTROL NUMBER
- control field: 103438
003 - CONTROL NUMBER IDENTIFIER
- control field: NUST
005 - DATE AND TIME OF LATEST TRANSACTION
- control field: 20221123141542.0
008 - FIXED-LENGTH DATA ELEMENTS
- fixed length control field: 221123|| aca||aabn | a|a d
040 ## - CATALOGING SOURCE
- Original cataloging agency: NUST
- Transcribing agency: NUST
100 ## - HEADING--PERSONAL NAME
- Personal name: Bronwell, Arthur B
670 ## - SOURCE DATA FOUND
- Source citation: Work cat.: (NUST)181843: Bronwell, Arthur B., Theory and application of microwaves /, 1947
